Memoirs or Chronicle of the Fourth Crusade and the Conquest of Constantinople (Record no. 235360)
[ view plain ]
| 000 -LEADER | |
|---|---|
| fixed length control field | 00905cam a22002773a 4500 |
| 001 - CONTROL NUMBER | |
| control field | 6032 |
| 003 - CONTROL NUMBER IDENTIFIER | |
| control field | PGUSA |
| 005 - DATE AND TIME OF LATEST TRANSACTION | |
| control field | 20140828083127.0 |
| 008 - FIXED-LENGTH DATA ELEMENTS--GENERAL INFORMATION | |
| fixed length control field | 040701s2004||||xxu|||||s|||||000 | eng d |
| 040 ## - CATALOGING SOURCE | |
| Original cataloging agency | PGUSA |
| Language of cataloging | eng |
| 042 ## - AUTHENTICATION CODE | |
| Authentication code | dc |
| 050 #4 - LIBRARY OF CONGRESS CALL NUMBER | |
| Classification number | D |
| 100 1# - MAIN ENTRY--PERSONAL NAME | |
| Personal name | Villehardouin, Geoffroi de, |
| Dates associated with a name | 1150-1212 |
| 245 10 - TITLE STATEMENT | |
| Title | Memoirs or Chronicle of the Fourth Crusade and the Conquest of Constantinople |
| Medium | [electronic resource] / |
| Statement of responsibility, etc | Geoffroi de Villehardouin |
| 260 ## - PUBLICATION, DISTRIBUTION, ETC. (IMPRINT) | |
| Name of publisher, distributor, etc | Project Gutenberg, |
| Date of publication, distribution, etc | 2004 |
| 506 ## - RESTRICTIONS ON ACCESS NOTE | |
| Terms governing access | Public domain in the USA. |
| 516 ## - TYPE OF COMPUTER FILE OR DATA NOTE | |
| Type of computer file or data note | Electronic text |
| 653 ## - INDEX TERM--UNCONTROLLED | |
| Uncontrolled term | Crusades -- Fourth, 1202-1204 |
| 653 ## - INDEX TERM--UNCONTROLLED | |
| Uncontrolled term | Venice (Italy) -- History -- 697-1508 |
| 653 ## - INDEX TERM--UNCONTROLLED | |
| Uncontrolled term | Byzantine Empire -- History -- To 527 |
| 653 ## - INDEX TERM--UNCONTROLLED | |
| Uncontrolled term | Istanbul (Turkey) -- History |
| 653 ## - INDEX TERM--UNCONTROLLED | |
| Uncontrolled term | Latin Empire, 1204-1261 |
| 830 #0 - SERIES ADDED ENTRY--UNIFORM TITLE | |
| Uniform title | Project Gutenberg |
| Volume number/sequential designation | 6032 |
| 856 40 - ELECTRONIC LOCATION AND ACCESS | |
| Uniform Resource Identifier | <a href="http://www.gutenberg.org/ebooks/6032">http://www.gutenberg.org/ebooks/6032</a> |
| 942 ## - ADDED ENTRY ELEMENTS (KOHA) | |
| Koha item type | eBooks |
| Withdrawn status | Lost status | Damaged status | Home library | Current library | Date acquired | Total Checkouts | Date last seen | Price effective from | Koha item type |
|---|---|---|---|---|---|---|---|---|---|
| Project Gutenberg | Project Gutenberg | 08/28/2014 | 08/28/2014 | 08/28/2014 | eBooks |